banner koha

Comportamento da mistura pronta de MSMA + Diuron no controle do capim braquiaria (Brachiaria decumbens Staph)em cana-de-acucar (Saccharum officinarum L.) (Registro n. 135763)

MARC details
000 -LÍDER
campo de controle de tamanho fixo 00951nas a2200313 4500
001 - NÚMERO DE CONTROLE
campo de controle BR9207679
003 - IDENTIFICADOR DO NÚMERO DE CONTROLE
campo de controle BR-BrBNA
005 - DATA E HORÁRIO DA ÚLTIMA TRANSAÇÃO
campo de controle 20231205093030.0
007 - CAMPO FIXO DE DESCRIÇÃO FÍSICA--INFORMAÇÃO GERAL
campo de controle de tamanho fixo ta
008 - CAMPO DE DADOS FIXOS--INFORMAÇÃO GERAL
campo de controle de tamanho fixo 230509b bl.|||p| |||| 00| 00por d
040 ## - FONTE DA CATALOGAÇÃO
Instituição da catalogação original BR-BrBNA
Idioma da catalogação por
Instituição que transcreveu o registro Biblioteca Nacional de Agricultura
041 ## - CÓDIGO DE IDIOMA
Código do idioma do texto/trilha sonora ou título diferente (Pt)
072 ## - CÓDIGO DE CATEGORIA DE ASSUNTO
Código de Categoria de Assunto H10
100 1# - ENTRADA PRINCIPAL--NOME PESSOAL
Nome pessoal Osipe, R.
100 1# - ENTRADA PRINCIPAL--NOME PESSOAL
Nome pessoal Furlaneto, W.
100 1# - ENTRADA PRINCIPAL--NOME PESSOAL
Nome pessoal Braz, B.A.
100 1# - ENTRADA PRINCIPAL--NOME PESSOAL
Nome pessoal Chehata, A.N.
100 1# - ENTRADA PRINCIPAL--NOME PESSOAL
Nome pessoal Fornarolli, D.A.
100 1# - ENTRADA PRINCIPAL--NOME PESSOAL
Nome pessoal Barros, L.
245 1# - TÍTULO
Título Comportamento da mistura pronta de MSMA + Diuron no controle do capim braquiaria (Brachiaria decumbens Staph)em cana-de-acucar (Saccharum officinarum L.)
650 ## - ASSUNTO--TERMO TÓPICO
Cabeçalho tópico ou nome geográfico CANA DE ACUCAR
650 ## - ASSUNTO--TERMO TÓPICO
Cabeçalho tópico ou nome geográfico CAPIM BRACHIARIA
650 ## - ASSUNTO--TERMO TÓPICO
Cabeçalho tópico ou nome geográfico SOLO
650 ## - ASSUNTO--TERMO TÓPICO
Cabeçalho tópico ou nome geográfico VARIEDADE
650 ## - ASSUNTO--TERMO TÓPICO
Cabeçalho tópico ou nome geográfico CONTROLE QUIMICO
773 0# - ENTRADA ANALÍTICA
Título Poliagro (Brazil)
ISSN - International Standard Serial Number ISSN 0100-3461
Partes relacionadas (1986), v. 8(2) p. 61-72
Número de controle do registro BR9207679
909 ## -
-- 202311
-- Lúcia
-- 55
-- Lúcia Elande
942 ## - ELEMENTOS DE ENTRADA ADICIONADOS (KOHA)
Fonte da classificação ou esquema de arquivamento na estante Classificação AGRIS
Ocultar no OPAC Não
Tipo de material Koha Analítica
Exemplares
Situação do descarte Fonte da classificação ou esquema de arquivamento na estante Situação física Não pode ser emprestado Biblioteca de origem Biblioteca atual Localização na estante Enumeração do periódico / cronologia Total de empréstimos Data de último acesso Número do exemplar Tipo de material Koha Fonte de aquisição
  Classificação AGRIS   Consulta local Biblioteca Nacional de Agricultura - Binagri Biblioteca Nacional de Agricultura - Binagri   (1986), v. 8(2) p. 61-72   29/11/2023 01 Periódicos Portaria Interministerial nº 164/94

BINAGRI

Telefone: (61)3218-2567/2388/3357/2097 - binagri@agro.gov.br

Ministério da Agricultura e Pecuária , Esplanada dos Ministérios, Bloco D, Anexo B, Brasília/DF, CEP: 70.043-900